[Event "2014 October USCF Rated Quad"]
[Site "Port Huron"]
[Date "2014.10.16"]
[Round "1"]
[White "Wingrove, William"]
[Black "Jones, G. Avery"]
[Result "1/2-1/2"]
[WhiteElo "1641"]
[BlackElo "1444"]
[Annotator "Doe,John"]
[PlyCount "160"]
[EventDate "2014.10.16"]
[EventType "tourn"]
[EventRounds "3"]

1. e4 c5 2. c3 g6 3. d4 Bg7 4. Be3 Qb6 5. Qd2 cxd4 6. Bxd4 Bxd4 7. cxd4 Nc6 8. Nf3 d6 9. h3 Bd7 10. Nc3 e6 11. Be2 Rc8 12. O-O f6 13. d5 Nd8 14. Rac1 Qa5 15. dxe6 Nxe6 16. Qxd6 Qb6 17. Qxb6 axb6 18. Nd5 b5 19. Rxc8+ Bxc8 20. Bxb5+ Bd7 21. Bxd7+ Kxd7 22. Rd1 Ke8 23. Nd4 Kf7 24. Nxe6 Kxe6 25. f3 Nh6 26. Kf2 Rc8 27. Nc3 Nf7 28. Rd4 Ne5 29. Ke2 Nc4 30. b3 Ne5 31. Kd2 h6 32. Nd5 h5 33. f4 Nc6 34. Rc4 f5 35. Ke3 h4 36. Nb4 Rc7 37. Nxc6 bxc6 38. e5 Kd5 39. a4 Rb7 40. Rc3 c5 41. Rd3+ Ke6 42. Kd2 Rb4 43. Ke3 Rb6 44. Rc3 Kd5 45. Kd3 Rb4 46. Ke3 Re4+ 47. Kf3 Rb4 48. a5 Rb5 49. Rd3+ Ke6 50. Rd6+ Kf7 51. a6 Rxb3+ 52. Kf2 Rb2+ 53. Kg1 Rb1+ 54. Kh2 Ra1 55. Rf6+ Kg7 56. Rc6 Kf7 57. Rc7+ Ke6 58. a7 c4 59. Rxc4 Rxa7 60. Rc6+ Kf7 61. Rc2 Ke6 62. Rd2 Ke7 63. g3 hxg3+ 64. Kxg3 Ra3+ 65. Kg2 Ra4 66. Rf2 Re4 67. Kg3 Re1 68. Rf3 Rg1+ 69. Kh2 Rd1 70. Rf2 Rd3 71. Kg2 Ke6 72. Rf3 Rd2+ 73. Kg3 Rd1 74. Kh4 Rg1 75. Rg3 Rf1 76. Kg5 Kf7 77. h4 Rh1 78. Rf3 Kg7 79. Rg3 Ra1 80. h5 Ra6 {[Draw Agreed. White had less than two minutes left, and Black was going to lose positionally.]} 1/2-1/2

[Event "2014 October USCF Rated Quad"]
[Site "Port Huron"]
[Date "2014.10.23"]
[Round "2"]
[White "West, Tony"]
[Black "Wingrove, William"]
[Result "1-0"]
[WhiteElo "1938"]
[BlackElo "1641"]
[Annotator "Doe,John"]
[PlyCount "113"]
[EventDate "2014.10.23"]
[EventType "tourn"]
[EventRounds "3"]

1. d4 Nf6 2. c4 g6 3. Nc3 d5 4. Bg5 Ne4 5. Bf4 Nxc3 6. bxc3 Bg7 7. Nf3 O-O 8. e3 c5 9. cxd5 Qxd5 10. Be2 Nc6 11. O-O Bf5 12. Qa4 cxd4 13. cxd4 Qa5 14. Qb3 Qb4 15. Rfc1 Qxb3 16. axb3 Rfc8 17. Ra4 a6 18. Rac4 Be6 19. R4c3 Na7 20. Kf1 Rxc3 21. Rxc3 Rc8 22. Rxc8+ Nxc8 23. b4 Bd7 24. Ke1 Na7 25. Kd2 e6 26. Ne5 Ba4 27. Bf3 b6 28. Nc4 Bf8 29. Nxb6 Bxb4+ 30. Kd3 Bb5+ 31. Kc2 a5 32. Kb3 Be1 33. Bg3 Nc6 34. Na4 Nb4 35. Nc3 Bd3 36. Ne4 Bc2+ 37. Kb2 Ba4 38. Nc5 Bb5 39. Bd1 Nd3+ 40. Nxd3 Bxd3 41. Ba4 Bf1 42. Bc6 Bc4 43. e4 Kg7 44. d5 exd5 45. exd5 Bd2 46. d6 Bg5 47. Kc3 Be6 48. d7 Bd8 49. Kd4 f6 50. Kc5 Kf7 51. Kd6 Bc4 52. Bf4 Bb3 53. Bd5+ Bxd5 54. Kxd5 Ke7 55. Kc6 a4 56. Bd6+ Ke6 57. Ba3 {[White wins on time!]} 1-0

[Event "2014 October USCF Rated Quad"]
[Site "Port Huron"]
[Date "2014.10.23"]
[Round "2"]
[White "Jones, G. Avery"]
[Black "Bedy, Noel"]
[Result "1/2-1/2"]
[WhiteElo "1444"]
[BlackElo "1487"]
[PlyCount "93"]
[EventDate "2014.10.23"]
[EventType "tourn"]
[EventRounds "3"]

1. d4 Nf6 2. Nf3 e6 3. Bg5 d5 4. e3 Be7 5. Nc3 Nbd7 6. Bd3 O-O 7. O-O c5 8. h3 a6 9. Re1 c4 10. Bf1 b5 11. a3 Bb7 12. Nd2 Qc7 13. e4 dxe4 14. Ndxe4 Bxe4 15. Bxf6 Bxc2 16. Qxc2 Nxf6 17. Rad1 Rad8 18. Be2 Qb6 19. Qd2 Rd6 20. Bf3 Rfd8 21. d5 Bf8 22. Qg5 exd5 23. Nxd5 Nxd5 24. Bxd5 Qc7 25. Qf5 Rf6 26. Qh5 Bc5 27. Bf3 Bf8 28. Be4 g6 29. Qg5 Bg7 30. Qc1 Rfd6 31. Bf3 Rxd1 32. Bxd1 Qd6 33. Bf3 Qd4 34. Rd1 Qf6 35. Rxd8+ Qxd8 36. Qc2 Qe7 37. Qc1 Qe5 38. Bb7 a5 39. Ba6 Qc5 40. Bb7 Bd4 41. Qc2 Qe7 42. Bf3 Qe1+ 43. Kh2 Qxf2 44. Qxf2 Bxf2 45. Bc6 b4 46. axb4 axb4 47. Bd5 1/2-1/2

[Event "2014 October USCF Rated Quad"]
[Site "Port Huron"]
[Date "2014.10.30"]
[Round "3"]
[White "Bedy, Noel"]
[Black "Wingrove, William"]
[Result "1/2-1/2"]
[WhiteElo "1487"]
[BlackElo "1641"]
[PlyCount "97"]
[EventDate "2014.10.30"]
[EventType "tourn"]
[EventRounds "3"]

1. d4 Nf6 2. Nf3 d5 3. Nbd2 g6 4. e3 Bg7 5. c4 O-O 6. b4 a5 7. b5 c6 8. cxd5 cxd5 9. Bb2 Bf5 10. Be2 Nbd7 11. O-O a4 12. a3 Nb6 13. Rc1 Rc8 14. Ne5 Qd6 15. Nd3 Rxc1 16. Bxc1 Nfd7 17. Bb2 Rc8 18. Nb4 Nf6 19. Qa1 Ne4 20. Nxe4 Bxe4 21. Rc1 Rc7 22. Rxc7 Qxc7 23. Qc1 Qxc1+ 24. Bxc1 Bf5 25. Bf3 e6 26. Bd1 Bf8 27. Na2 Nc4 28. Bxa4 Nxa3 29. Bxa3 Bxa3 30. Nc3 Bb2 31. Ne2 b6 32. Kf1 Bd3 33. Ke1 Ba3 34. Kd2 Bc4 35. Nc3 Bb4 36. Kc2 Bxc3 37. Kxc3 Bf1 38. g3 Bg2 39. Bd1 Bh3 40. Bc2 Bg2 41. Bd3 Kg7 42. f4 Kh6 43. Be2 Be4 44. h4 f6 45. Kd2 g5 46. Ke1 Bg6 47. Kf2 gxh4 48. gxh4 f5 49. Kg3 1/2-1/2

[Event "2014 October USCF Rated Quad"]
[Site "Port Huron"]
[Date "2014.10.30"]
[Round "3"]
[White "Jones, G. Avery"]
[Black "West, Tony"]
[Result "1/2-1/2"]
[WhiteElo "1444"]
[BlackElo "1938"]
[Annotator "Lon Rutkofske"]
[PlyCount "110"]
[EventDate "2014.10.30"]
[EventType "tourn"]
[EventRounds "3"]

1. d4 f5 2. Nf3 Nf6 3. Nc3 e6 4. Bg5 d5 5. e3 c6 6. Bd3 Bd6 7. O-O O-O 8. Ne5 Nbd7 9. f4 Qb6 10. Na4 Qc7 11. Nc3 a6 12. a3 c5 13. Kh1 b5 14. Qe1 Qb6 {Diagram [14...c4! looks much stronger because it captures more space, restricts the white squared bishop and prepares for a Q-side assault via followed by 15.Be2, b4 16 ab, Bb4 and hole at e4 looms large for Black!]} 15. Nxd7 {[In this semi-closed position, Black needs to preserve his knight by 15...Nd7 there by negating the effect of the white's misplaced bishops, further cramping his game and preparing for a Q-side assault.]} Bxd7 16. Bxf6 Rxf6 17. dxc5 Bxc5 18. Rf3 Bc6 19. Rh3 d4 $2 {[Premature...better was 19...Qb7 preparing for the d4 advance and permitting the Queen some defensive protecting along the 7th rank and forces either Qf1 or Bf1 white's center looks vulnerable to Rd8, Rg6, or d4! It is obvious Black is in comptlete control here, so why the rush? A slow crush is probably in order here, since white's counterplay is so restricted!]} 20. Nd1 Rg6 21. Rg3 Rxg3 22. Qxg3 dxe3 23. b4 Bd4 24. c3 Bf6 25. Qxe3 Qxe3 26. Nxe3 Rd8 27. Bf1 g5 $1 28. Rd1 Rxd1 {Diagram  [Perhaps 28....the simple gf4 was better, since after 29.Rd8+, Bd8 White has to move the N probably to c2, then the simple e4! makes his Bishop pair even stronger since the d4 and e3 squares now become unavailable to the N with Bb6 looming!]} 29. Nxd1 gxf4 30. Kg1 Kf7 31. Kf2 Ke7 32. Ke2 Kd6 33. Kd2 e5 34. Nb2 e4 35. Nd1 Bd5 36. Kc2 Kc6 37. Nb2 e3 38. c4 Be4+ 39. Kc1 Bxb2+ 40. Kxb2 {Diagram  [40...f3! 41.cb+, ab 42.g4, Bf3 43. Kc2,e2! should win!]} bxc4 $4 41. Kc3 Bd5 42. a4 h5 43. h4 Kd6 44. Kd4 Bc6 45. a5 Bb5 46. Kc3 Kd5 47. Be2 Kd6 48. Bxh5 Bc6 49. Bf3 Bb5 50. h5 Ke5 51. Be2 Kf6 52. Bf3 Kg5 53. Be2 Kh6 54. Bf3 Kg5 55. Be2 Kh6 1/2-1/2

[Event "2015 PHCC Championships"]
[Site "Port Huron"]
[Date "2015.01.08"]
[Round "1"]
[White "Jones, G. Avery "]
[Black "Rutkofske, Lonnie"]
[Result "0-1"]
[WhiteElo "1645"]
[BlackElo "1840"]
[PlyCount "72"]
[EventDate "2015.01.15"]
[EventType "tourn"]
[EventRounds "6"]

1. d4 g6 2. Nf3 Bg7 3. c4 d6 4. Nc3 a6 5. Bg5 h6 6. Bh4 Nd7 7. e4 c5 8. Be2 g5 9. Bg3 Qa5 10. O-O cxd4 11. Nd5 e5 12. b4 Qd8 13. a3 Ngf6 14. Qd3 O-O 15. Rac1 b6 16. h3 Bb7 17. Nd2 Rc8 18. Nb3 Re8 19. Rc2 Nxd5 20. cxd5 Rxc2 21. Qxc2 Qc8 22. Rc1 Qxc2 23. Rxc2 Rc8 24. Rxc8+ Bxc8 25. Bd3 b5 26. f3 Nb6 27. Be1 Bf6 28. g4 Nc4 29. Bxc4 bxc4 30. Na1 Bd7 31. Kf2 Bd8 32. Bd2 Bb6 33. Ke1 Ba4 34. Bc1 f6 35. Bb2 c3 36. Bc1 d3 0-1

[Event "2015 PHCC Championships"]
[Site "Port Huron"]
[Date "2015.01.08"]
[Round "1"]
[White "Gregg, Alan"]
[Black "Morabito, Matthew"]
[Result "1/2-1/2"]
[WhiteElo "1939"]
[BlackElo "1852"]
[PlyCount "48"]
[EventDate "2015.01.08"]
[EventType "tourn"]
[EventRounds "7"]

1. e4 c5 2. Nc3 g6 3. g3 Bg7 4. Bg2 Nc6 5. d3 d6 6. Be3 Nf6 7. h3 Rb8 8. Qd2 O-O 9. Bh6 Bd7 10. Bxg7 Kxg7 11. Nge2 b5 12. O-O e6 13. f4 b4 14. Nd1 a5 15. a4 Nd4 16. b3 Nxe2+ 17. Qxe2 Nh5 18. Kh2 f5 19. Ne3 Nf6 20. Rad1 Bc6 21. e5 Nd5 22. Nxd5 Bxd5 23. Rfe1 Bxg2 24. Qxg2 d5 1/2-1/2

[Event "2015 PHCC Championships"]
[Site "Port Huron"]
[Date "2015.01.15"]
[Round "2"]
[White "Rutkofske, Lonnie"]
[Black "Wingrove, William"]
[Result "1-0"]
[WhiteElo "1840"]
[BlackElo "1667"]
[Annotator "Lon Rutkofske"]
[PlyCount "65"]
[EventDate "2015.01.15"]
[EventType "tourn"]
[EventRounds "6"]

1. f4 d5 2. b3 Bg4 3. Bb2 Nc6 4. h3 Bd7 {[4....Bh5 tries to lure White into the transparent trap of 5.g4? Bg6 6.f5?, e6! threatening Qh4 mate if White takes the B. If 7. Nc3, then the simple 7....ef5 destroys the White K-side and liberates the QB! The text move is a tempo waster and if Black had intended to use the Bishop sally, 3...Nf6 was the better choice of moves because the N at c6 prevents c5!]} 5. Nf3 {[White uses the gain in tempi to calmly redeploy his K-Side pieces.]} Nf6 6. Nc3 {[4....Bh5 tries to lure White into the transparent trap of 5.g4? Bg6 6.f5?, e6! threatening Qh4 mate if White takes the B. If 7. Nc3, then the simple 7....ef5 destroys the White K-side and liberates the QB! The text move is a tempo waster and if Black had intended to use the Bishop sally, 3...Nf6 was the better choice of moves because the N at c6 prevents c5!]} e6 7. e3 g6 {[Again, this seems to be a waste of time, and the B really belongs on e7. All this unnecessary maneuvering permits White good chances for improving his development.]} 8. Bb5 Bg7 9. Bxc6 {[This capture of the QN is pivotal in White's plan in the Bird, for the Black QB is really out of play on c6 and has no really good squares after 10.Ne5, and ends up back on e7 for the second time in order to preserve his Q-side pawn structure, more tempi lost!]} Bxc6 10. Ne5 Bd7 11. Ba3 $1 {[A crucial move that really puts Black's plan in question. Bill thought for a long while here and decided on a time consuming knight's tour of sorts to h5, g3, f5 and finally to e7 all for the privilege of castling.]} Nh5 12. O-O Ng3 13. Rf2 Nf5 14. g4 $5 {Diagram [#] [This was a rather risky line, because it greatly exposed my K-side to possible intrusions via the h-file, but thought the expansion was justified because the final destination of the KN was e7, effectively blocking the h4-d8 diagonal.]} Ne7 15. Qf3 {[In many variations of the Bird, the Q lands at f3, and since the Black's QB as effectively doomed to complacency, I felt this move provided additional pressure to Black's center and K-side. Truthfully, I felt Black's best bet here was to forego castling altogether since the closed nature of the position precluded any real mating threats and permitted him to untangle his forces.]} O-O $6 {[Again, I thought this was a mistake to castle on the side where White was in the process of marshalling his forces.]} 16. Raf1 f6 $2 {[While this puts the question to the Ne5, it creates a host of targets for White's forces, and in the end, weakens Black's pawn structure. The N on e5 really is more annoying than anything else and a better plan was probably Rc8 followed up by c5!]} 17. Nxd7 Qxd7 18. f5 $6 {[A rather double edged move, that puts the question to the Black forces but has risks for White as well. With the majority of Black's pieces aligned along his back two ranks, is it advisable to pursue a strategy that might liberate his opponents forces? 18...d5 just loses a pawn, and 18...e5?? 19. Be7, Qe7 20. Qd5+, Kh8 21. Qb7 loses two pawns. Bill finds a good rejoinder and effectively ruins my "fun"!]} c6 19. Ne2 {[Hoping to reposition my N to a better s [Hoping to reposition my N to a better square.]} exf5 {[19...e5! looks promising, and reshapes the possibilities for both sides. ]} 20. gxf5 Rfe8 21. Bxe7 Qxe7 22. fxg6 hxg6 23. Nf4 {Diagram [#]} Qf7 {23...Qe4 24.Qe4, Re4 25.Ng6, Rg5+ 26.Rg2, Rg2+ 27.Kg2 seems a better option, effectively ending the attack, freeing Black's pieces at the cost of a passed rook pawn.]} 24. Rg2 g5 25. Nh5 Rf8 26. h4 Qg6 27. Qg4 Qh6 28. Qe6+ {Diagram [#] [If 28...Rf7 29.hg, Qh5 30.g6! wins the exchange.]} Kh8 29. Nxg7 Qxg7 30. hxg5 Qf7 31. Qf5 Rg8 32. Rh2+ Kg7 33. Rh7+ 1-0

[Event "2015 PHCC Championships"]
[Site "Port Huron"]
[Date "2015.01.15"]
[Round "2"]
[White "Morabito, Matthew"]
[Black "Jones, G. Avery"]
[Result "1-0"]
[WhiteElo "1852"]
[BlackElo "1645"]
[PlyCount "114"]
[EventDate "2015.01.15"]
[EventType "tourn"]
[EventRounds "6"]

1. Nf3 d5 2. g3 Nf6 3. Bg2 Nc6 4. O-O Bg4 5. d3 e6 6. Nbd2 Bd6 7. c4 O-O 8. a3 Re8 9. b4 a6 10. Bb2 Bf8 11. Rc1 Ne7 12. Bxf6 gxf6 13. cxd5 Nxd5 14. Rc4 Bh5 15. Qc2 c6 16. Rh4 Bg6 17. Rg4 Bg7 18. Nh4 f5 19. Rc4 Bh5 20. Bf3 Bg6 21. Nxg6 fxg6 22. Qb3 Bf6 23. Rd1 Rc8 24. e4 Nb6 25. Rc5 Bd4 26. exf5 Bxc5 27. bxc5 Nd5 28. fxe6 Rxe6 29. Bg4 {Diagram } Qe7 30. Ne4 Rc7 31. Bxe6+ Qxe6 32. Qb1 Re7 33. Qc1 Qh3 34. Qg5 Kg7 35. Qd2 h6 36. Qb2+ Kf7 37. Nd6+ Kg8 38. Ne4 {Diagram } Nf4 {[38..Qh4?]} 39. Qb3+ Nd5 40. Nf6+ Kf7 41. Nxd5 cxd5 42. Qxd5+ Qe6 43. Qxe6+ Rxe6 44. d4 Re8 {[Rc6 looks stronger]} 45. Kf1 Re7 46. d5 Ke8 47. Re1 Kd7 48. Rxe7+ Kxe7 49. Ke2 Kf6 50. Kd3 Ke5 51. Kc4 g5 52. f3 $2 {Diagram  [52. f4+ wins immediately!]} h5 53. h3 Kf5 54. f4 gxf4 55. gxf4 Kf6 56. c6 bxc6 57. dxc6 Ke7 1-0

[Event "2015 Michigan MX-Class Championships"]
[Site "Lansing"]
[Date "2015.01.10"]
[Round "2"]
[White "Gregg, Alan"]
[Black "Aldrich, Justin"]
[Result "1-0"]
[WhiteElo "1946"]
[BlackElo "1804"]
[PlyCount "96"]
[EventDate "2015.01.10"]
[EventType "swiss"]
[EventRounds "5"]

1. e4 e5 2. Nf3 d6 3. d4 exd4 4. Nxd4 Nf6 5. Bd3 Be7 6. O-O O-O 7. c4 Nbd7 8. Nc3 Ne5 9. Be2 c6 10. h3 d5 11. cxd5 cxd5 12. exd5 Nxd5 13. Nxd5 Qxd5 14. Nf5 Qe6 15. Nxe7+ Qxe7 16. Be3 Bd7 17. Rc1 Bc6 18. Qd4 Rfd8 19. Qf4 Ng6 20. Qg4 h6 21. Rfd1 Rxd1+ 22. Rxd1 a6 23. Bf1 Rd8 24. b3 Rxd1 25. Qxd1 Qe4 26. Qd8+ Qe8 27. Qd6 Qd7 28. Qxd7 Bxd7 29. f4 Ne7 30. Kf2 Nd5 31. Bd2 Kf8 32. g4 f5 33. Bg2 Nf6 34. Bb4+ Kf7 35. Bxb7 fxg4 36. hxg4 Nxg4+ 37. Kf3 Nf6 38. Bxa6 h5 39. Be1 Bc6+ 40. Ke3 Ne4 41. Bc4+ Kf6 42. a4 Nd6 43. Bd3 Bd5 44. Bc2 Ke6 45. Kd4 g6 46. Bh4 Nf5+ 47. Bxf5+ gxf5 48. b4 Kd6 1-0

[Event "2015 Michigan MX-Class Championships"]
[Site "Lansing"]
[Date "2015.01.10"]
[Round "3"]
[White "Triplett, Thomas"]
[Black "Gregg, Alan"]
[Result "0-1"]
[WhiteElo "1854"]
[BlackElo "1946"]
[Annotator "Doe,John"]
[PlyCount "86"]
[EventDate "2015.01.10"]
[EventType "swiss"]
[EventRounds "5"]

1. d4 d5 2. Bf4 e6 3. e3 Bd6 4. Bg3 Nf6 5. Bd3 b6 6. Nd2 Bb7 7. c3 Bxg3 8. hxg3 Nbd7 9. Ngf3 h6 10. Qe2 Qe7 11. Ne5 Nxe5 12. dxe5 Nd7 13. f4 Nc5 14. Bb5+ c6 15. Bd3 O-O-O 16. O-O-O Nxd3+ 17. Qxd3 c5 18. Nf3 Kb8 19. Kb1 a5 20. Ka1 Ka7 21. Rb1 Ba6 22. Qd2 Qc7 23. b4 Rc8 24. bxa5 bxa5 25. Rb2 Rb8 26. Rhb1 Rxb2 27. Rxb2 Rb8 28. Rxb8 Qxb8 29. Qb2 Qxb2+ 30. Kxb2 Bf1 31. Ne1 h5 32. a3 Kb6 33. a4 Kc6 34. Kc2 f6 35. Kb3 Kd7 36. Kc2 fxe5 37. fxe5 Ke7 38. Nd3 Bxd3+ 39. Kxd3 Kf7 40. c4 Kg6 41. cxd5 exd5 42. e4 d4 43. Kc4 Kf7 0-1

[Event "2015 Michigan MX-Class Championships"]
[Site "Lansing"]
[Date "2015.01.11"]
[Round "4"]
[White "Gregg, Alan"]
[Black "Smith (Skidmore), Jennifer"]
[Result "1/2-1/2"]
[WhiteElo "1946"]
[BlackElo "1977"]
[Annotator "Doe,John"]
[PlyCount "34"]
[EventDate "2015.01.11"]
[EventType "swiss"]
[EventRounds "5"]

1. e4 e5 2. Nc3 Nf6 3. f4 d5 4. d3 Nc6 5. exd5 Nxd5 6. Nxd5 Qxd5 7. Qf3 Be6 8. Qxd5 Bxd5 9. fxe5 Nxe5 10. d4 Nc6 11. c3 Bd6 12. Kf2 O-O 13. Nf3 Rae8 14. Bd3 Na5 15. b3 c5 16. Be3 c4 17. Bc2 h6 1/2-1/2

[Event "2015 Michigan MX-Class Championships"]
[Site "Lansing"]
[Date "2015.01.11"]
[Round "5"]
[White "Smith, Michael"]
[Black "Gregg, Alan"]
[Result "0-1"]
[WhiteElo "1971"]
[BlackElo "1946"]
[PlyCount "146"]
[EventDate "2015.01.11"]
[EventType "swiss"]
[EventRounds "5"]

1. e4 e5 2. Nf3 Nc6 3. Bb5 a6 4. Ba4 Nf6 5. O-O Be7 6. Re1 b5 7. Bb3 d6 8. h3 O-O 9. c3 Na5 10. Bc2 c5 11. d4 Qc7 12. Nbd2 Nc6 13. Nf1 cxd4 14. cxd4 exd4 15. Bf4 Be6 16. a3 Nd7 17. Rc1 Qb6 18. Ng3 Nde5 19. Nf5 Bxf5 20. exf5 Bf6 21. g4 Nxf3+ 22. Qxf3 Ne5 23. Qg3 h6 24. h4 Bxh4 25. Qh3 Qd8 26. Be4 Ra7 27. Rc2 Bg5 28. Qg3 Bxf4 29. Qxf4 Qg5 30. Qxg5 hxg5 31. f3 g6 32. fxg6 fxg6 33. Kg2 d3 34. Rc3 Kg7 35. b3 Rf4 36. Bxd3 Nxf3 37. Re6 Rf6 38. Rxf6 Nh4+ 39. Kf2 Kxf6 40. Rc6 Ke5 41. Be2 d5 42. Ke3 Ng2+ 43. Kd2 Nf4 44. Bd3 Nxd3 45. Kxd3 Kf4 46. Rxg6 Kxg4 47. Kd4 Kf5 48. Rd6 g4 49. Rxd5+ Kf4 50. Kc5 Rc7+ 51. Kb6 Rc3 52. Rd4+ Kf3 53. Rb4 g3 54. Kxa6 g2 55. Rxb5 g1=Q 56. a4 Rc6+ 57. Ka5 Rc5 58. b4 Rxb5+ 59. Kxb5 Qg5+ 60. Kc6 Qf6+ 61. Kc5 Qe5+ 62. Kc6 Qe8+ 63. Kc5 Qxa4 64. b5 Qa8 65. b6 Qb7 66. Kb5 Ke4 67. Kc5 Ke5 68. Kb5 Kd5 69. Ka5 Kc5 70. Ka4 Qxb6 71. Ka3 Kc4 72. Ka2 Kc3 73. Ka1 Qb2# 0-1

[Event "2015 PHCC Championships"]
[Site "Port Huron"]
[Date "2015.01.22"]
[Round "3"]
[White "Wingrove, William"]
[Black "Morabito, Matthew"]
[Result "1/2-1/2"]
[WhiteElo "1667"]
[BlackElo "1852"]
[PlyCount "101"]
[EventDate "2015.01.22"]
[EventType "tourn"]
[EventRounds "6"]

1. e4 c5 2. c3 d6 3. d4 cxd4 4. cxd4 Nf6 5. Nc3 g6 6. Nf3 Bg7 7. Bd3 O-O 8. O-O a6 9. Qe2 Bg4 10. h3 Bxf3 11. Qxf3 Nc6 12. Be3 e5 13. dxe5 Nxe5 14. Qe2 Rc8 15. Rac1 Re8 16. f3 Nh5 17. Qd2 Nf6 18. Rfd1 b5 19. a3 d5 20. exd5 Nxd5 21. Nxd5 Qxd5 22. Rxc8 Rxc8 23. Be4 Qxd2 24. Rxd2 Nc4 25. Rc2 Rd8 26. Bc1 Rd1+ 27. Kf2 Rxc1 28. Rxc1 Bxb2 29. Rc2 Bd4+ 30. Kg3 Nxa3 31. Rc8+ Kg7 32. Ra8 Nc4 33. Rxa6 b4 34. Bd5 Nd2 35. Ra2 Nf1+ 36. Kf4 f5 37. g4 Ne3 38. Bb3 h6 39. Kg3 g5 40. gxf5 Nxf5+ 41. Kg2 Ne3+ 42. Kg3 Bc3 43. Re2 Nf5+ 44. Kf2 Nd4 45. Bc4 Nxe2 46. Kxe2 Kf6 47. Ba6 b3 48. Kd3 b2 49. Kc2 Ke5 50. Bc8 h5 51. Bd7 1/2-1/2

[Event "2015 PHCC Championships"]
[Site "Port Huron"]
[Date "2015.01.22"]
[Round "3"]
[White "Jones, G. Avery"]
[Black "Gregg, Alan"]
[Result "0-1"]
[WhiteElo "1645"]
[BlackElo "1939"]
[PlyCount "68"]
[EventDate "2015.01.22"]
[EventType "tourn"]
[EventRounds "6"]

1. d4 g6 2. Nf3 Bg7 3. Bg5 c5 4. e3 Qa5+ 5. c3 d6 6. Na3 cxd4 7. exd4 Nf6 8. Nc4 Qc7 9. Ne3 Nbd7 10. Bd3 O-O 11. O-O b6 12. Rc1 Bb7 13. Re1 e6 14. Bh4 Rfe8 15. Ng5 h6 16. Nf3 e5 17. Bb1 Rac8 18. Qb3 Nf8 19. Bg3 Nh5 20. Nh4 Nxg3 21. hxg3 exd4 22. cxd4 Qxc1 23. Bxg6 Qxe1+ 24. Kh2 Nxg6 25. Nxg6 Rc1 26. g4 Qh1+ 27. Kg3 Rxe3+ 28. Qxe3 Qxg2+ 29. Kf4 Qh2+ 30. Kf5 Bc8+ 31. Ke4 Qg2+ 32. Kf4 Qh2+ 33. Ke4 Qh1+ 34. Kf4 fxg6 0-1

[Event "2011 PHCC Championships "]
[Site "?"]
[Date "2011.01.20"]
[Round "2"]
[White "Rutkofske, Lonnie"]
[Black "Boucher, David"]
[Result "0-1"]
[WhiteElo "1905"]
[BlackElo "1321"]
[PlyCount "84"]
[EventDate "2011.01.20"]
[EventRounds "5"]

1. g3 d5 2. Bg2 Bf5 3. d3 e6 4. f4 Nc6 5. Nf3 Nf6 6. c3 Be7 7. O-O Bg4 8. Qa4 O-O 9. Re1 Bc5+ 10. d4 Be7 11. Nbd2 Ne4 12. Nxe4 dxe4 13. Nd2 f5 14. Nc4 Bd6 15. b4 Qe8 16. b5 Ne7 17. Ne3 Bh5 18. c4 a6 19. c5 axb5 20. Qb3 Bxf4 21. gxf4 Rf6 22. d5 Rd8 23. Bb2 Rh6 24. Be5 c6 25. dxe6 Nd5 26. Nxf5 Rxe6 27. Nxg7 Qg6 28. Nxe6 Qxe6 29. Bxe4 Rd7 30. Kf2 Rf7 31. Rg1+ Bg6 32. Bxd5 cxd5 33. Bd6 Qf6 34. Rad1 Kh8 35. Be5 Qxe5 36. e3 Be4 37. Qxb5 Rxf4+ 38. exf4 Qxf4+ 39. Ke1 Qe3+ 40. Qe2 Qxg1+ 41. Kd2 Qd4+ 42. Kc1 Qc3+ 0-1

[Event "2015 PHCC Championships"]
[Site "Marysville"]
[Date "2015.02.02"]
[Round "4"]
[White "Rutkofske, Lonnie"]
[Black "Boucher, David"]
[Result "1-0"]
[WhiteElo "1840"]
[BlackElo "1467"]
[Annotator "Lon Rutkofske"]
[PlyCount "53"]
[EventDate "2015.02.02"]
[EventType "tourn"]
[EventRounds "6"]

1. c4 e6 2. g3 f5 3. Bg2 Nf6 4. Nf3 Be7 5. Nc3 O-O 6. d3 d6 7. O-O a5 8. Rb1 Nc6 9. a3 e5 10. b4 axb4 11. axb4 Qe8 12. Nb5 Bd8 13. Bg5 Qh5 14. Bh4 e4 15. Bxf6 Rxf6 16. dxe4 fxe4 17. Nh4 Rh6 18. Qd5+ Be6 19. Qxh5 Rxh5 20. Bxe4 $2 Bxc4 21. Nc3 Bxh4 22. gxh4 Rxh4 23. Bd5+ Bxd5 24. Nxd5 Rg4+ 25. Kh1 Rc8 $4 {Diagram [A horrendeous misstep...forget the c pawn and go for the kill with 25...Ra2! 26.e3, Ne5 26.Nc7?Nf3!! winning!]} 26. f4 Nd4 $4 27. Ne7+ 1-0